| 000 | 01498cam a2200373 a 4500 | ||
|---|---|---|---|
| 001 | EDZ0000077480 | ||
| 003 | StDuBDS | ||
| 005 | 20161031105127.0 | ||
| 006 | m||||||||d|||||||| | ||
| 007 | cr ||||||||||| | ||
| 008 | 120418s2008 cau fo| 001|0|eng d | ||
| 020 |
_a9781446214688 (ebook) : _cNo price |
||
| 040 |
_aStDuBDS _beng _cStDuBDS _epn |
||
| 049 | _aAlfaisal Main Library | ||
| 050 | 0 |
_aHF5636 _b.S857 2008 |
|
| 082 | 0 | 4 |
_a657 _223 |
| 100 | 1 | _aStittle, John. | |
| 245 | 1 | 0 |
_aFinancial accounting _h[electronic resource] / _cJohn Stittle and Robert Wearing. |
| 260 |
_aLos Angeles, [Calif.] ; _aLondon : _bSAGE, _cc2008. |
||
| 300 | _a1 online resource (170 p.). | ||
| 490 | 1 | _aSAGE course companions | |
| 504 | _aIncludes bibliographical references and index. | ||
| 520 | 8 | _a'Financial Accounting' is an accessible introduction to the subject that will help readers to master key concepts and enhance their thinking skills in line with course requirements. It provides support on how to revise for exams and prepare for and write assessed pieces. | |
| 521 | _aSpecialized. | ||
| 588 | _aDescription based on print version record. | ||
| 650 | 0 | _aAccounting. | |
| 655 | 7 |
_aElectronic books. _2local |
|
| 700 | 1 |
_aWearing, Bob, _d1950- |
|
| 710 | 2 | _aSage eBooks | |
| 776 | 0 | 8 |
_iPrint version : _z9781412935036 |
| 830 | 0 | _aSAGE course companions. | |
| 856 | 4 | 0 | _uhttp://ezproxy.alfaisal.edu/login?url=http://sk.sagepub.com/books/financial-accounting |
| 942 |
_2lcc _cEBOOKS |
||
| 999 |
_c479888 _d479888 |
||